Nástroje regionálnej politiky pri priamej podpore podnikov diplomová práca

Guardado en:
Detalles Bibliográficos
Autor principal: Francisciová, Jana
Autor Corporativo: Národohospodárska fakulta EU. Katedra verejnej správy a regionálneho rozvoja
Otros Autores: Šipikal, Miroslav, 1976-
Formato: Libro
Lenguaje:eslovaco
Publicado: Bratislava 2013
Etiquetas: Agregar Etiqueta
Sin Etiquetas, Sea el primero en etiquetar este registro!

MARC

LEADER 00000nbm a2200000 4500
001 0169281
005 20161109102253.0
041 0 |a slo 
044 |a SK 
245 1 0 |a Nástroje regionálnej politiky pri priamej podpore podnikov  |b diplomová práca  |c Jana Francisciová ; školiteľ: Miroslav Šipikal 
264 1 |a Bratislava  |c 2013 
300 |a 57 s. 
100 1 |a Francisciová, Jana 
700 1 |a Šipikal, Miroslav, 1976- 
710 2 |a Národohospodárska fakulta EU. Katedra verejnej správy a regionálneho rozvoja